Statistics for 1M+ Cities By Letter On A Map - D

Click here to take the quiz!

General Stats

  • This quiz has been taken 307 times
  • The average score is 13 of 21

Answers on the Map

Answers color-coded by a green-red scale on the quiz's map according to % correct below.
 

Answer Stats

PopulationCity% Correct
10,927,986Delhi
99%
1,024,027Dublin
98%
1,300,092Dallas
97%
10,356,500Dhaka
95%
2,476,400Dakar
94%
1,137,347Dubai
94%
1,569,394Damascus
92%
2,698,652Dar Es Salaam
91%
3,120,282Durban
89%
1,024,700Donetsk
75%
1,032,822Dnipro
66%
1,338,082Douala
61%
2,566,540Daegu
57%
4,087,733Dalian
56%
1,212,504Davao City
49%
8,000,000Dongguan
34%
1,475,221Daejeon
25%
1,052,678Datong
10%
1,198,129Depok
5%
2,000,000Dadonghai
2%
1,193,000Dombivli
2%

Score Distribution

Percentile by Number Answered

Percent of People with Each Score

Your Score History

You have not taken this quiz